| 000 | 01050 a2200205 4500 | ||
|---|---|---|---|
| 003 | Nust | ||
| 005 | 20221006104418.0 | ||
| 010 | _a 87081874 | ||
| 020 | _a0155930214 (pbk.) | ||
| 040 | _cNust | ||
| 082 | 0 | 0 | _a005.42,PET |
| 100 | 1 |
_aPeters, James F. _936625 |
|
| 245 | 1 | 0 |
_aUNIX programming : _bmethods and tools / _cJames F. Peters III. |
| 260 |
_aSan Diego : _bHarcourt Brace Jovanovich, _cc1988. |
||
| 300 |
_axv, 447 p. : _bill. ; _c24 cm. + _e1 computer disk (5 1/4 in.) |
||
| 505 | _aDiscovering Unix (Page-1), Files and Directories (Page-45), Processes and the Shell (Page-84), Command Procedures (Page-131), Procedure Design (Page-197), Filters and Stream Editing (Page -236), awk Programming Methods (Page -282), The Joys C Shell (Page -334), Shell Commands Handbook (Page -396), Appendixes (Page-427), | ||
| 856 | 4 | 2 |
_3Publisher description _uhttp://www.loc.gov/catdir/enhancements/fy0604/87081874-d.html |
| 856 | 4 | 2 |
_3Table of contents only _uhttp://www.loc.gov/catdir/enhancements/fy0604/87081874-t.html |
| 942 |
_2ddc _cBK _k005.42,PET |
||
| 999 |
_c180505 _d180505 |
||